000 00279 a2200097 4500
082 _a625.8 ASP
245 _aMaintenance Asphalt in Pavement Maintenance /
_cAsphalt Institute
250 _a3rd.ed.
260 _aLexington :
_casphalt institute
300 _a80p. :
_bill . ;
_c20cm
650 _apavement maintenance
999 _c1499
_d1499